000 00851cab a2200253 4500
001 ABS59597
008 090401t1998 xxu||||| |||| 00| 0 eng d
035 _a(Sirsi) u89756
041 _aeng
100 _aKlein, R.
245 _aWhat can adjudicators do?
260 _c1998
350 _a0
490 _aBuilding
_v263(8064) 13 November 1998, 66-67(2)
520 _aDiscusses the role of adjudicators and the limits of their jurisdiction.
650 _aMANAGEMENT-DISPUTE AVOIDANCE, MANAGEMENT AND RESOLUTION-DISPUTE MANAGEMENT AND RESOLUTION-ALTERNATIVE DISPUTE RESOLUTION-ADJUDICATION-ADJUDICATORS
650 _aHOUSING GRANTS CONSTRUCTION AND REGENERATION ACT 1996
650 _aJURISDICTION
650 _aREFERRALS
650 _aROLE
690 _aBUILT ENVIRONMENT-BUILDING CONTRACT FORMS
942 _n0
948 _c18/11/1998
999 _c56810
_d56810